000 00475nam a2200133Ia 4500
008 100328s9999 xx 000 0 und d
082 _b67086
100 _aदेशपांडे उर्मिला.
245 _aक्षण एक पुरे प्रेमाचा.
260 _bसुयोग.
630 _aक्षण एक पुरे प्रेमाचा.
730 _aक्षण एक पुरे प्रेमाचा.
942 _cBOOK
999 _c552825
_d552822